Loading...
Fine Arts - Classical Music | 2 | 5.00 | 50% | 0% | 0% |
History - American History | 1 | 10.00 | 100% | 0% | 0% |
History - European History | 2 | 5.00 | 50% | 0% | 0% |
History - Other History | 2 | 15.00 | 100% | 50% | 0% |
History - World History | 1 | 0.00 | 0% | 0% | 0% |
Literature - American Literature | 2 | 5.00 | 50% | 0% | 0% |
Literature - British Literature | 3 | 3.33 | 33% | 0% | 0% |
Literature - European Literature | 2 | 0.00 | 0% | 0% | 0% |
Mythology | 3 | 6.67 | 67% | 0% | 0% |
Other | 3 | 10.00 | 100% | 0% | 0% |
Philosophy | 1 | 10.00 | 100% | 0% | 0% |
Science - Biology | 2 | 10.00 | 100% | 0% | 0% |
Science - Chemistry | 1 | 0.00 | 0% | 0% | 0% |
Science - Other Science | 1 | 10.00 | 100% | 0% | 0% |
Science - Physics | 2 | 10.00 | 50% | 0% | 50% |
Social Science | 2 | 5.00 | 50% | 0% | 0% |